LEADER 02824nam 2200661 450 001 9910465941403321 005 20210901202713.0 010 $a1-4214-1853-3 035 $a(CKB)3710000000585979 035 $a(EBL)4398487 035 $a(SSID)ssj0001608723 035 $a(PQKBManifestationID)16319345 035 $a(PQKBTitleCode)TC0001608723 035 $a(PQKBWorkID)13303880 035 $a(PQKB)10469365 035 $a(MiAaPQ)EBC4398487 035 $a(OCoLC)936344983 035 $a(MdBmJHUP)muse46761 035 $a(Au-PeEL)EBL4398487 035 $a(CaPaEBR)ebr11161203 035 $a(OCoLC)941695944 035 $a(EXLCZ)993710000000585979 100 $a20150302d2016 uy| 0 101 0 $aeng 135 $aur|n|---||||| 181 $ctxt 182 $cc 183 $acr 200 00$aCurriculum development for medical education $ea six-step approach /$fedited by Patricia A. Thomas, MD, David E. Kern, MD, MPH, Mark T. Hughes, MD, MA, Belinda Y. Chen, MD, The John Hopkins Development Program, The Johns Hopkins University School of Medicine, Baltimore, Maryland 205 $aThird edition. 210 1$aBaltimore :$cJohns Hopkins University Press,$d2016. 215 $a1 online resource (313 p.) 300 $aDescription based upon print version of record. 311 $a1-4214-1851-7 311 $a1-4214-1852-5 320 $aIncludes bibliographical references and index. 327 $aOverview : a six-step approach to curriculum development / David E. Kern -- Step 1 : problem identification and general needs assessment / Belinda Y. Chen and Eric B. Bass -- Step 2 : targeted needs assessment / Mark T. Hughes -- Step 3 : goals and objectives / Patricia A. Thomas -- Step 4 : educational strategies / Patricia A. Thomas -- Step 5 : implementation / Mark T. Hughes -- Step 6 : evaluation and feedback / Brenessa Lindeman and Pamela A. Lipsett -- Curriculum maintenance and enhancement / David E. Kern and Patricia A. Thomas -- Dissemination / David E. Kern and Eric B. Bass -- Curriculum development for larger programs / Patricia A. Thomas. 606 $aCurriculum planning 606 $aMedical education 606 $aCurriculum 606 $aEducation, Medical$xmethods 608 $aElectronic books. 615 0$aCurriculum planning. 615 0$aMedical education. 615 12$aCurriculum. 615 12$aEducation, Medical$xmethods. 676 $a610.71/173 702 $aThomas$b Patricia A$g(Patricia Ann),$f1950- 702 $aKern$b David E$f(1945- ) 702 $aHughes$b Mark T. 702 $aChen$b Belinda Y.$f1966- 801 0$bMiAaPQ 801 1$bMiAaPQ 801 2$bMiAaPQ 906 $aBOOK 912 $a9910465941403321 996 $aCurriculum development for medical education$92467199 997 $aUNINA LEADER 01086nam a2200289 i 4500 001 991003858659707536 005 20020509133337.0 008 990318s1967 fr ||| | fre 035 $ab1122535x-39ule_inst 035 $aPARLA189893$9ExL 040 $aDip.to Filologia Class. e Scienze Filosofiche$bita 041 0 $afrelat 100 1 $aGellius, Aulus$0172352 245 14$aLes nuits attiques :$blivres 1.-4. /$cAulu-Gelle ; texte établi et traduit par René Marache 260 $aParis :$bLes Belles Lettres,$c1967 300 $aLXV, 225 p. (1-225 doppie) ;$c20 cm. 490 0 $aCollection des Universités de France. Série latine 500 $aTesto latino a fronte. 650 4$aGellio, Aulo 700 1 $aMarache, René 740 0 $aNoctes Atticae A 907 $a.b1122535x$b23-02-17$c01-07-02 912 $a991003858659707536 945 $aLE007 I Coll. 4 Gellius 01$g1$i2015000033871$lle007$o-$pE0.00$q-$rn$so $t0$u0$v0$w0$x0$y.i11379820$z01-07-02 996 $aNuits attiques$9867960 997 $aUNISALENTO 998 $ale007$b01-01-99$cm$da $e-$ffre$gfr $h4$i1